Computer Netwerks (Record no. 23595)

MARC details
000 -LEADER
fixed length control field 00391nam a22001697a 4500
003 - CONTROL NUMBER IDENTIFIER
control field OSt
005 - DATE AND TIME OF LATEST TRANSACTION
control field 20211223092057.0
008 - FIXED-LENGTH DATA ELEMENTS--GENERAL INFORMATION
fixed length control field 211223b |||||||| |||| 00| 0 eng d
020 ## - INTERNATIONAL STANDARD BOOK NUMBER
International Standard Book Number 0130661023
040 ## - CATALOGING SOURCE
Transcribing agency HU
082 ## - DEWEY DECIMAL CLASSIFICATION NUMBER
Edition number 4th ed
Classification number 004.6
100 ## - MAIN ENTRY--PERSONAL NAME
Personal name Tanenbaum S.Andrew
9 (RLIN) 24477
245 ## - TITLE STATEMENT
Title Computer Netwerks
260 ## - PUBLICATION, DISTRIBUTION, ETC.
Place of publication, distribution, etc. HALL PTR
Name of publisher, distributor, etc. HALL PTR
300 ## - PHYSICAL DESCRIPTION
Type of unit 891
942 ## - ADDED ENTRY ELEMENTS (KOHA)
Source of classification or shelving scheme Dewey Decimal Classification
Koha item type Books like text book referance book
Suppress in OPAC No
Holdings
Withdrawn status Lost status Source of classification or shelving scheme Damaged status Not for loan Home library Current library Shelving location Date acquired Full call number Barcode Date last seen Copy number Price effective from Koha item type
    Dewey Decimal Classification     IoT Library IoT Library General Stacks 12/23/2021 004.6/TAN/2003 IOTL0001103 12/23/2021 1 12/23/2021 Books like text book referance book
    Dewey Decimal Classification     IoT Library IoT Library General Stacks 12/23/2021 004.6/TAN/2003 IOTL0001104 12/23/2021 2 12/23/2021 Books like text book referance book
    Dewey Decimal Classification     IoT Library IoT Library General Stacks 12/23/2021 004.6/TAN/2003 IOTL0001105 12/23/2021 3 12/23/2021 Books like text book referance book
    Dewey Decimal Classification     IoT Library IoT Library General Stacks 12/23/2021 004.6/TAN/2003 IOTL0001106 12/23/2021 4 12/23/2021 Books like text book referance book
    Dewey Decimal Classification     IoT Library IoT Library General Stacks 12/23/2021 004.6/TAN/2003 IOTL0001107 12/23/2021 5 12/23/2021 Books like text book referance book
    Dewey Decimal Classification     IoT Library IoT Library General Stacks 12/23/2021 004.6/TAN/2003 IOTL0001108 12/23/2021 6 12/23/2021 Books like text book referance book
    Dewey Decimal Classification     IoT Library IoT Library General Stacks 12/23/2021 004.6/TAN/2003 IOTL0001109 12/23/2021 7 12/23/2021 Books like text book referance book
    Dewey Decimal Classification     IoT Library IoT Library General Stacks 12/23/2021 004.6/TAN/2003 IOTL0001110 12/23/2021 8 12/23/2021 Books like text book referance book
    Dewey Decimal Classification     IoT Library IoT Library General Stacks 12/23/2021 004.6/TAN/2003 IOTL0001111 12/23/2021 9 12/23/2021 Books like text book referance book
    Dewey Decimal Classification     IoT Library IoT Library General Stacks 12/23/2021 004.6/TAN/2003 IOTL0001112 12/23/2021 10 12/23/2021 Books like text book referance book